| Tag |
First Indicator |
Second Indicator |
Subfields |
| LEADER |
00000cam a2200000 a 4500 |
| 001 |
in00000013861 |
| 005 |
20151007052441.0 |
| 008 |
870420s1987 wb a b 00000 eng |
| 010 |
|
|
|a 87009845
|
| 020 |
|
|
|a 0387175881 (U.S.)
|
| 035 |
|
|
|a (OCoLC)15628250
|
| 035 |
|
|
|9 AAA7832AM
|
| 040 |
|
|
|a DLC
|c DLC
|d TXA
|d UtOrBLW
|
| 049 |
|
|
|a TXAM
|c [A11487416]
|
| 050 |
0 |
0 |
|a QC794.6.C6
|b E3744 1987
|
| 082 |
0 |
|
|a 539.7/54
|2 19
|
| 245 |
0 |
0 |
|a Elementary processes in hydrogen-helium plasmas :
|b cross sections and reaction rate coefficients /
|c R.K. Janev [and others].
|
| 264 |
|
1 |
|a Berlin ;
|a New York :
|b Springer-Verlag,
|c [1987]
|
| 264 |
|
4 |
|c ©1987
|
| 300 |
|
|
|a viii, 326 pages :
|b illustrations ;
|c 24 cm.
|
| 336 |
|
|
|a text
|b txt
|2 rdacontent
|
| 337 |
|
|
|a unmediated
|b n
|2 rdamedia
|
| 338 |
|
|
|a volume
|b nc
|2 rdacarrier
|
| 490 |
1 |
|
|a Springer series on atoms + plasmas ;
|v 4
|
| 504 |
|
|
|a Bibliography: pages 321-326.
|
| 650 |
|
0 |
|a Collisions (Nuclear physics)
|
| 650 |
|
0 |
|a Plasma (Ionized gases)
|
| 650 |
|
0 |
|a Astrophysics.
|
| 650 |
|
0 |
|a Hydrogen.
|
| 650 |
|
0 |
|a Helium.
|
| 700 |
1 |
|
|a Janev, R. K.
|q (Ratko K.),
|d 1939-
|
| 740 |
0 |
|
|a Hydrogen-helium plasmas.
|
| 830 |
|
0 |
|a Springer series on atoms + plasmas ;
|v 4.
|
| 999 |
|
|
|a MARS
|
| 999 |
f |
f |
|s 7e9f11b9-d89c-33b1-9b82-aa20eca9ee8c
|i 875a24b5-3eb4-30c8-bcff-48c6ad8c6715
|t 0
|
| 952 |
f |
f |
|p normal
|a Texas A&M University
|b College Station
|c Sterling C. Evans Library
|d Evans: Library Stacks
|t 0
|e QC794.6.C6 E3744 1987
|h Library of Congress classification
|i unmediated -- volume
|m A14811487416
|
| 998 |
f |
f |
|a QC794.6.C6 E3744 1987
|t 0
|l Evans: Library Stacks
|